000
00304 a2200109 4500
001
ART_39979
005
20260410162005.0
008
260409a
245
1
0
_a
Personas humanas
100
1
_a
Caramelo, Gustavo
773
0
_t
Temas de derecho civil
_g
- Año 2, Nº 8 (ago. 2016)
_w
REV34778
999
_c
31640
_d
31640